[Event "Budapest FS12 GM"]
[Site "Budapest"]
[Date "2023.12.08"]
[Round "6"]
[White "Vaz, Ethan"]
[Black "Arhan, Chethan Anand"]
[Result "0-1"]
[WhiteElo "2400"]
[BlackElo "2378"]
[PlyCount "114"]
[EventDate "2023.12.02"]
[EventType "tourn"]
[EventRounds "9"]
[EventCountry "HUN"]
[EventCategory "6"]
[SourceTitle "CB51_2023"]
[SourceDate "2023.12.20"]
[SourceVersion "1"]
[SourceVersionDate "2023.12.20"]
[SourceQuality "1"]

1. e4 c5 2. Nf3 d6 3. d4 cxd4 4. Nxd4 Nf6 5. Nc3 a6 6. Be3 e5 7. Nb3 Be7 8. f3 Be6 9. Qd2 h5 10. Be2 Nbd7 11. Nd5 Bxd5 12. exd5 Qc7 13. Rc1 a5 14. c4 0-0 15. 0-0 h4 16. Bd3 a4 17. Na1 Nh5 18. Bf5 Nc5 19. Nc2 g6 20. Bd3 Qd8 21. Be2 f5 22. Na3 Nd7 23. Nb5 Kh7 24. Bd3 Ra6 25. Bc2 Nc5 26. Rcd1 Qc8 27. Qf2 Nd7 28. Qe2 Bd8 29. Nc3 a3 30. b3 Ba5 31. Na4 Bb4 32. f4 exf4 33. Bxf4 Re8 34. Qf3 Ne5 35. Bxe5 Rxe5 36. Kh1 Qe8 37. Bd3 Re3 38. Qf2 Qe7 39. c5 Rxa4 40. bxa4 Bxc5 41. Rde1 Re5 42. Rxe5 dxe5 43. Qe1 Bd6 44. Bxf5 gxf5 45. Rxf5 Kg6 46. Rf3 e4 47. Rh3 Nf4 48. Re3 Qg5 49. Qf1 Qxd5 50. Qe1 Qxa2 51. Qf1 Qxg2+ 52. Qxg2+ Nxg2 53. Re2 Nf4 54. Ra2 e3 55. Ra1 e2 56. h3 Nd3 57. Rg1+ Bg3 0-1

[Event "Budapest FS12 GM"]
[Site "Budapest"]
[Date "2023.12.03"]
[Round "2"]
[White "Arhan, Chethan Anand"]
[Black "Baidetsky, Valentin"]
[Result "1/2-1/2"]
[WhiteElo "2378"]
[BlackElo "2488"]
[PlyCount "53"]
[EventDate "2023.12.02"]
[EventType "tourn"]
[EventRounds "9"]
[EventCountry "HUN"]
[EventCategory "6"]
[SourceTitle "CB51_2023"]
[SourceDate "2023.12.20"]
[SourceVersion "1"]
[SourceVersionDate "2023.12.20"]
[SourceQuality "1"]

1. d4 Nf6 2. c4 e6 3. g3 Bb4+ 4. Bd2 Qe7 5. Bg2 0-0 6. e4 d5 7. e5 Ne4 8. a3 Bxd2+ 9. Nxd2 Nxd2 10. Qxd2 dxc4 11. Rc1 c6 12. Rxc4 b6 13. Ne2 Ba6 14. Rc2 Rd8 15. Qe3 Bxe2 16. Kxe2 Qd7 17. Rhc1 Qxd4 18. Qxd4 Rxd4 19. Rd1 Rxd1 20. Kxd1 Kf8 21. Ke2 Ke7 22. Bxc6 Nxc6 23. Rxc6 Kd7 24. Rd6+ Ke7 25. Rc6 Kd7 26. Rd6+ Ke7 27. Rc6 1/2-1/2

[Event "Titled Tuesday intern op 14th Nov Early"]
[Site "Chess.com INT"]
[Date "2023.11.14"]
[Round "4"]
[White "Mazurkiewicz, Michal"]
[Black "Arhan, Chethan Anand"]
[Result "1-0"]
[WhiteElo "2145"]
[BlackElo "2378"]
[PlyCount "119"]
[EventDate "2023.11.14"]
[EventType "swiss (blitz)"]
[EventRounds "11"]
[EventCountry "USA"]
[SourceTitle "CB47_2023"]
[SourceDate "2023.11.22"]
[SourceVersion "1"]
[SourceVersionDate "2023.11.22"]
[SourceQuality "1"]

1. e4 c5 2. Nf3 d6 3. g3 Nf6 4. d3 g6 5. Bg2 Nc6 6. 0-0 Bg7 7. Re1 0-0 8. e5 dxe5 9. Nxe5 Nxe5 10. Rxe5 Nd7 11. Re1 Rb8 12. Nc3 b5 13. h4 Bb7 14. h5 Bxg2 15. Kxg2 b4 16. Ne4 Qb6 17. Rh1 Qc6 18. f3 Ne5 19. Bf4 Rbd8 20. Qe2 Qd5 21. Rae1 Nc6 22. c3 f5 23. Ng5 e5 24. hxg6 hxg6 25. Bc1 Rd6 26. Kf1 Qxd3 27. Qxd3 Rxd3 28. Ne6 Rc8 29. Ke2 Rd5 30. Nxg7 Kxg7 31. Bh6+ Kg8 32. Bg5 Na5 33. Rh6 Rd6 34. Reh1 Kf7 35. Rh7+ Ke6 36. Rg7 Kd5 37. Rd1+ Kc6 38. Rxd6+ Kxd6 39. Rxg6+ Kd5 40. Rf6 Nc4 41. b3 Nd6 42. c4+ Kc6 43. Re6 Re8 44. Rxe8 Nxe8 45. Be3 Nf6 46. Bg5 Nd7 47. g4 fxg4 48. fxg4 Kd6 49. Ke3 Ke6 50. Ke4 a5 51. Bd8 Nb8 52. Bxa5 Nc6 53. Bc7 Kf6 54. g5+ Ke6 55. g6 Ne7 56. Bxe5 Nxg6 57. Bg7 Ne7 58. Bf8 Nf5 59. Bxc5 Kd7 60. Kxf5 1-0

[Event "Titled Tuesday intern op 19th Sep Early"]
[Site "Chess.com INT"]
[Date "2023.09.19"]
[Round "3"]
[White "Zhigalko, Sergei"]
[Black "Arhan, Chethan Anand"]
[Result "0-1"]
[WhiteElo "2572"]
[BlackElo "2395"]
[PlyCount "122"]
[EventDate "2023.09.19"]
[EventType "swiss (blitz)"]
[EventRounds "11"]
[EventCountry "USA"]
[SourceTitle "EXT 2024"]
[Source "ChessBase"]
[SourceDate "2023.10.10"]
[SourceVersion "1"]
[SourceVersionDate "2023.10.10"]
[SourceQuality "1"]

1. e4 c5 2. Nf3 d6 3. d4 cxd4 4. Qxd4 Nf6 5. Nc3 a6 6. Bc4 e6 7. Bf4 e5 8. Bxf7+ Kxf7 9. Nxe5+ Ke8 10. 0-0-0 Be6 11. Rhe1 Be7 12. Nc4 Nc6 13. Nxd6+ Bxd6 14. Qxd6 Qxd6 15. Bxd6 Rd8 16. f4 Bg4 17. Rd2 Kf7 18. h3 Bc8 19. g4 Ne8 20. e5 Nxd6 21. exd6 g6 22. Ne4 b6 23. Ng5+ Kg7 24. Rd3 h6 25. Nf3 h5 26. gxh5 Rxh5 27. Rc3 Bd7 28. Ne5 Nxe5 29. fxe5 Be6 30. Rc6 Rd7 31. Rxb6 Rxh3 32. Rxa6 g5 33. a4 g4 34. a5 g3 35. Rg1 Kg6 36. Rb6 Kf5 37. a6 Kxe5 38. Rb7 Kxd6 39. a7 Rh8 40. Rxg3 Rxb7 41. Rd3+ Ke7 42. Ra3 Ra8 43. Rg3 Raxa7 44. b3 Rc7 45. Kb2 Bf5 46. c4 Rab7 47. Kc3 Be6 48. Kd4 Rd7+ 49. Ke5 Bf7 50. Re3 Rb6 51. Kf4+ Re6 52. Rg3 Rf6+ 53. Ke5 Re6+ 54. Kf5 Rb7 55. Kf4 Reb6 56. Re3+ Kf8 57. Kg5 Rxb3 58. Re4 R3b4 59. Kf6 R7b6+ 60. Kg5 Rxc4 61. Rd4 Rxd4 0-1

[Event "Pardubice Czech op-A 34th"]
[Site "Pardubice"]
[Date "2023.07.24"]
[Round "4"]
[White "Arhan, Chethan Anand"]
[Black "Abdrlauf, Elham"]
[Result "0-1"]
[WhiteElo "2342"]
[BlackElo "2522"]
[PlyCount "66"]
[EventDate "2023.07.21"]
[EventType "swiss"]
[EventRounds "9"]
[EventCountry "CZE"]
[SourceTitle "CBM 215 Extra"]
[Source "ChessBase"]
[SourceDate "2023.09.30"]
[SourceVersion "1"]
[SourceVersionDate "2023.09.30"]
[SourceQuality "1"]

1. e4 c6 2. d4 d5 3. e5 Bf5 4. Nf3 e6 5. Be2 c5 6. c3 Nc6 7. 0-0 Bg4 8. Nbd2 cxd4 9. Nxd4 Bxe2 10. Qxe2 Nxd4 11. cxd4 Ne7 12. Rd1 Nc6 13. Nb3 a5 14. a4 Be7 15. Rd3 h5 16. Rg3 g6 17. Bd2 Ra6 18. Rc1 Kf8 19. Qd3 Rb6 20. Nxa5 Rxb2 21. Nxc6 bxc6 22. a5 Kg7 23. Rxc6 Qd7 24. Rc1 Rc8 25. h3 Rxc1+ 26. Bxc1 Ra2 27. Bd2 Qa4 28. Kh2 Ra3 29. Qe2 Rxg3 30. fxg3 Qxd4 31. Qe3 Qc4 32. Qh6+ Kg8 33. Bg5 Bf8 0-1

[Event "Titled Tuesday intern op 18th Jul Early"]
[Site "Chess.com INT"]
[Date "2023.07.18"]
[Round "4"]
[White "Arhan, Chethan Anand"]
[Black "Bilan, Danila"]
[Result "0-1"]
[WhiteElo "2342"]
[BlackElo "2303"]
[PlyCount "70"]
[EventDate "2023.07.18"]
[EventType "swiss (blitz)"]
[EventRounds "11"]
[EventCountry "USA"]
[SourceTitle "EXT 2024"]
[Source "ChessBase"]
[SourceDate "2023.10.10"]
[SourceVersion "1"]
[SourceVersionDate "2023.10.10"]
[SourceQuality "1"]

1. Nf3 d5 2. c4 c6 3. g3 Nf6 4. Bg2 Bf5 5. cxd5 cxd5 6. d3 Nc6 7. 0-0 e6 8. Nbd2 h6 9. Re1 Bc5 10. Nb3 Bb6 11. a4 0-0 12. Bd2 Ng4 13. d4 a5 14. Bc3 Qd6 15. e3 Rfc8 16. Nfd2 Nf6 17. Qe2 Nb4 18. Bxb4 Qxb4 19. Rec1 Rxc1+ 20. Rxc1 Qxa4 21. f3 Qb4 22. Qd1 a4 23. Nc5 Bxc5 24. Rxc5 Qxb2 25. Bf1 a3 26. Rb5 Qc3 27. Rb3 Qxd2 28. Qxd2 a2 29. g4 Bg6 30. Rxb7 a1Q 31. h4 Ra2 32. Qb4 Bd3 33. Rb8+ Kh7 34. Rh8+ Kxh8 35. Qf8+ Kh7 0-1

[Event "Titled Tuesday intern op 18th Jul Early"]
[Site "Chess.com INT"]
[Date "2023.07.18"]
[Round "6"]
[White "Arhan, Chethan Anand"]
[Black "Harriott, Tyrell"]
[Result "0-1"]
[WhiteElo "2342"]
[BlackElo "1819"]
[PlyCount "54"]
[EventDate "2023.07.18"]
[EventType "swiss (blitz)"]
[EventRounds "11"]
[EventCountry "USA"]
[SourceTitle "EXT 2024"]
[Source "ChessBase"]
[SourceDate "2023.10.10"]
[SourceVersion "1"]
[SourceVersionDate "2023.10.10"]
[SourceQuality "1"]

1. b3 e6 2. Bb2 f5 3. Nf3 Nf6 4. c4 d5 5. e3 Bd6 6. Ba3 Bxa3 7. Nxa3 0-0 8. d4 c6 9. Nb1 Ne4 10. Bd3 Nd7 11. Qc2 b6 12. Nc3 Bb7 13. Ne2 Rc8 14. Ne5 Nxe5 15. dxe5 c5 16. Bxe4 fxe4 17. Nf4 Qg5 18. Qb2 Rxf4 19. exf4 Qxf4 20. cxd5 exd5 21. b4 Ba6 22. Qd2 Qxe5 23. Rd1 Bd3 24. f4 exf3+ 25. Kf2 fxg2 26. Rhe1 Qxh2 27. Ke3 Qg3# 0-1

[Event "Titled Tuesday intern op 18th Jul Early"]
[Site "Chess.com INT"]
[Date "2023.07.18"]
[Round "5"]
[White "Postlmayer, Jakob"]
[Black "Arhan, Chethan Anand"]
[Result "1-0"]
[WhiteElo "2347"]
[BlackElo "2342"]
[PlyCount "127"]
[EventDate "2023.07.18"]
[EventType "swiss (blitz)"]
[EventRounds "11"]
[EventCountry "USA"]
[SourceTitle "EXT 2024"]
[Source "ChessBase"]
[SourceDate "2023.10.10"]
[SourceVersion "1"]
[SourceVersionDate "2023.10.10"]
[SourceQuality "1"]

1. c4 Nf6 2. Nc3 c6 3. d4 d5 4. Nf3 e6 5. e3 Nbd7 6. Be2 Bd6 7. 0-0 0-0 8. b3 b6 9. Bb2 Bb7 10. Bd3 Re8 11. Re1 Rc8 12. Rc1 e5 13. dxe5 Nxe5 14. cxd5 cxd5 15. Be2 Ng6 16. Nb5 Bb8 17. Rxc8 Bxc8 18. Bxf6 gxf6 19. Nbd4 Qd6 20. g3 Ne5 21. Qc2 Bd7 22. Rc1 Ng4 23. Bf1 Qa3 24. Qd2 Ne5 25. Bg2 Nd3 26. Rd1 Nc5 27. Rc1 Be5 28. Rc2 Rc8 29. Qc1 Qxc1+ 30. Rxc1 Nd3 31. Rxc8+ Bxc8 32. Nxe5 fxe5 33. Nc6 Kf8 34. Bxd5 Bb7 35. Nxe5 Bxd5 36. Nxd3 Ke7 37. f4 Kd6 38. Kf2 Be4 39. Ke2 a5 40. Kd2 b5 41. a3 Kd5 42. Kc3 Bf5 43. Nf2 h5 44. h3 Kc5 45. b4+ axb4+ 46. axb4+ Kd5 47. g4 hxg4 48. hxg4 Bc8 49. e4+ Kd6 50. Kd4 Bd7 51. f5 f6 52. Nd3 Bc6 53. Nf4 Ke7 54. Nd5+ Kf7 55. Kc5 Bd7 56. Nc3 Kg7 57. Nxb5 Kh6 58. Nc7 Kg5 59. Nd5 Bc8 60. Ne3 Kf4 61. Kd4 Bb7 62. b5 Bxe4 63. Nd5+ Kf3 64. b6 1-0

[Event "Titled Tuesday intern op 27th Jun Early"]
[Site "Chess.com INT"]
[Date "2023.06.27"]
[Round "3"]
[White "Aggelis, Nikolaos"]
[Black "Arhan, Chethan Anand"]
[Result "0-1"]
[WhiteElo "2270"]
[BlackElo "2342"]
[PlyCount "42"]
[EventDate "2023.06.27"]
[EventType "swiss (blitz)"]
[EventRounds "11"]
[EventCountry "USA"]
[SourceTitle "EXT 2024"]
[Source "ChessBase"]
[SourceDate "2023.10.10"]
[SourceVersion "1"]
[SourceVersionDate "2023.10.10"]
[SourceQuality "1"]

1. c4 c6 2. g3 d5 3. Bg2 e5 4. Nf3 e4 5. Nd4 dxc4 6. Nc2 Nf6 7. Nc3 Bc5 8. 0-0 Qe7 9. Ne3 b5 10. a4 b4 11. Nb1 Be6 12. Qc2 b3 13. Qd1 Nbd7 14. Na3 Ne5 15. f4 exf3 16. exf3 0-0-0 17. f4 Bxe3+ 18. Kh1 Neg4 19. Qf3 Bd5 20. dxe3 Bxf3 21. Bxf3 Qc5 0-1

[Event "Titled Tuesday intern op 27th Jun Early"]
[Site "Chess.com INT"]
[Date "2023.06.27"]
[Round "5"]
[White "Korobov, Anton"]
[Black "Arhan, Chethan Anand"]
[Result "0-1"]
[WhiteElo "2661"]
[BlackElo "2342"]
[PlyCount "66"]
[EventDate "2023.06.27"]
[EventType "swiss (blitz)"]
[EventRounds "11"]
[EventCountry "USA"]
[SourceTitle "EXT 2024"]
[Source "ChessBase"]
[SourceDate "2023.10.10"]
[SourceVersion "1"]
[SourceVersionDate "2023.10.10"]
[SourceQuality "1"]

1. d4 d5 2. Nf3 Nf6 3. c4 e6 4. Nc3 c6 5. Bg5 dxc4 6. e4 b5 7. e5 h6 8. Bh4 g5 9. Nxg5 hxg5 10. Bxg5 Nbd7 11. exf6 Bb7 12. h4 Qb6 13. Rh3 0-0-0 14. a4 Bb4 15. Be2 c5 16. Kf1 cxd4 17. Nxb5 d3 18. Bf3 Nc5 19. Rc1 Bd5 20. Bf4 Rd7 21. b3 cxb3 22. Bxd5 Rxd5 23. Qxb3 d2 24. Bxd2 Bxd2 25. Rc2 Kb7 26. Qg3 Ba5 27. Qg7 Rd1+ 28. Ke2 Re1+ 29. Kf3 Qc6+ 30. Kg3 Ne4+ 31. Kh2 Qxc2 32. Qxf7+ Bc7+ 33. Nxc7 Qxc7+ 0-1

[Event "Budapest Vezerkepzo GM-B 04"]
[Site "Budapest"]
[Date "2023.05.01"]
[Round "6"]
[White "Arhan, Chethan Anand"]
[Black "Aczel, Gergely"]
[Result "0-1"]
[WhiteElo "2285"]
[BlackElo "2529"]
[PlyCount "188"]
[EventDate "2023.04.25"]
[EventType "tourn"]
[EventRounds "9"]
[EventCountry "HUN"]
[EventCategory "7"]
[SourceTitle "CBM 214 Extra"]
[Source "ChessBase"]
[SourceDate "2023.07.31"]
[SourceVersion "1"]
[SourceVersionDate "2023.07.31"]
[SourceQuality "1"]

1. d4 Nf6 2. c4 e6 3. Nf3 d5 4. Nc3 Nbd7 5. Bf4 Bb4 6. e3 c5 7. a3 Bxc3+ 8. bxc3 Qa5 9. Qb3 0-0 10. Be2 b6 11. 0-0 Ba6 12. Nd2 cxd4 13. exd4 Rfc8 14. Rab1 dxc4 15. Bxc4 Bxc4 16. Nxc4 Qf5 17. g3 Qd3 18. Ne3 Rxc3 19. Qa4 Rxa3 20. Qc6 Re8 21. Rfc1 Qxd4 22. Nc2 Qa4 23. Nxa3 Qxa3 24. Ra1 Qc5 25. Qxc5 Nxc5 26. Rxa7 Nd5 27. Rb1 Ne4 28. Be3 h6 29. Rba1 b5 30. Rb7 Nd6 31. Rd7 Nc4 32. Raa7 Ne5 33. Rdb7 b4 34. Bc5 Rc8 35. Bd6 Nc6 36. Ra1 Rd8 37. Bc5 g5 38. Kg2 Kg7 39. Rc1 Na5 40. Rb5 Nb3 41. Rd1 Rc8 42. Bd4+ Nxd4 43. Rxd4 h5 44. h4 g4 45. Rbxb4 Nxb4 46. Rxb4 e5 47. Rb5 f6 48. Ra5 Kg6 49. Rb5 Ra8 50. Rc5 Kf5 51. Rc4 Re8 52. Ra4 Rd8 53. Rb4 Rd2 54. Ra4 Rd5 55. Rb4 e4 56. Ra4 Re5 57. Ra3 Rd5 58. Rb3 Ke5 59. Ra3 Rc5 60. Ra8 Kd4 61. Re8 Kd3 62. Re6 f5 63. Rd6+ Ke2 64. Rf6 Ke1 65. Kg1 Re5 66. Kg2 Rb5 67. Kg1 Rc5 68. Rf8 Ke2 69. Kg2 Ke1 70. Kg1 Ra5 71. Rf7 Ke2 72. Kg2 Re5 73. Rh7 e3 74. fxe3 Kxe3 75. Rxh5 Rd5 76. Rg5 Rd2+ 77. Kg1 f4 78. Rxg4 f3 79. Rf4 Rg2+ 80. Kf1 Ra2 81. Kg1 Ra1+ 82. Kh2 f2 83. Kg2 Rg1+ 84. Kh3 f1Q+ 85. Rxf1 Rxf1 86. Kg4 Ke4 87. h5 Ke5 88. Kg5 Ke6 89. Kg6 Rg1 90. h6 Rxg3+ 91. Kh7 Kf7 92. Kh8 Kg6 93. h7 Ra3 94. Kg8 Ra8# 0-1